[Event "Top16"]
[Site "Evry"]
[Date "2004.04.03"]
[Round "6"]
[White "Wagner, Claude"]
[Black "Sulava, Nenad"]
[Result "1/2-1/2"]
[WhiteElo "2357"]
[BlackElo "2477"]
[PlyCount "45"]
[EventDate "2004.04.02"]
[WhiteTeam "Bischwiller"]
[BlackTeam "Nice"]

1. d4 Nf6 2. c4 e6 3. Nf3 Nc6 4. a3 d6 5. Nc3 g6 6. e4 Bg7 7. h3 O-O 8. Bg5 h6
9. Be3 Kh8 10. g4 Ng8 11. g5 h5 12. Be2 e5 13. d5 Nd4 14. Nxd4 exd4 15. Bxd4
Qxg5 16. Be3 Qe7 17. Bxh5 Nf6 18. Bf3 Nxe4 19. Nxe4 f5 20. Qc2 Re8 21. O-O-O
fxe4 22. Be2 Qh4 23. Rdg1 1/2-1/2

[Event "Top16"]
[Site "Evry"]
[Date "2004.04.03"]
[Round "6"]
[White "Spielmann, Alain"]
[Black "Gustafsson, Jan"]
[Result "1/2-1/2"]
[WhiteElo "2257"]
[BlackElo "2572"]
[PlyCount "137"]
[EventDate "2004.04.02"]
[WhiteTeam "Nancy"]
[BlackTeam "Gonfreville"]

1. Nf3 d5 2. d4 Nf6 3. c4 e6 4. Nc3 dxc4 5. e3 a6 6. a4 c5 7. Bxc4 Nc6 8. O-O
Be7 9. Qe2 O-O 10. Rd1 Qc7 11. dxc5 Bxc5 12. h3 b6 13. e4 Nd7 14. Kh1 Bb7 15.
e5 Ncxe5 16. Bf4 Bxf3 17. gxf3 Qb7 18. Bxe5 Nxe5 19. Qxe5 Qxf3+ 20. Kh2 Qxf2+
21. Kh1 Qf3+ 22. Kh2 Qf2+ 23. Kh1 Qf3+ 24. Kh2 Rfd8 25. Be2 Qf2+ 26. Kh1 Qh4
27. Qh5 Qxh5 28. Bxh5 a5 29. Rxd8+ Rxd8 30. Rd1 Rxd1+ 31. Nxd1 f5 32. Kg2 g6
33. Be2 Kf7 34. Kf3 Bd4 35. Bc4 Kf6 36. b3 e5 37. Nf2 g5 38. Ne4+ fxe4+ 39.
Kxe4 Kg6 40. Be2 Kf6 41. Bg4 Bc5 42. Kd5 Be3 43. Ke4 Bd4 44. Kd5 Kg6 45. Ke4 h5
46. Bf3 Bb2 47. Be2 Bc3 48. Bf3 g4 49. hxg4 h4 50. Bg2 Kg5 51. Bh3 Bd4 52. Kf3
Bg1 53. Ke4 Bh2 54. Kf3 Bg3 55. Ke4 Bf4 56. Kd5 Kf6 57. Bg2 Bh2 58. Bh3 Bg3 59.
Ke4 Bf4 60. Kd5 Ke7 61. g5 Kf7 62. Bf5 Kg7 63. Ke4 Bxg5 64. Kxe5 Kh6 65. Bh3
Kg6 66. Ke4 Bd2 67. Kf3 Kf6 68. Kg4 Be1 69. Bf1 1/2-1/2

[Event "Top16"]
[Site "Evry"]
[Date "2004.04.03"]
[Round "6"]
[White "Fruteau, Sabine"]
[Black "Roumegous, Marina"]
[Result "1/2-1/2"]
[WhiteElo "2120"]
[BlackElo "2195"]
[PlyCount "129"]
[EventDate "2004.04.02"]
[WhiteTeam "Strasbourg"]
[BlackTeam "Evry"]

1. e4 e6 2. d4 d5 3. Nc3 dxe4 4. Nxe4 Nd7 5. Nf3 Be7 6. Bd3 Ngf6 7. Nxf6+ Bxf6
8. c3 c5 9. O-O cxd4 10. cxd4 O-O 11. Bf4 Nb6 12. Rc1 Nd5 13. Be5 g6 14. Bc4
Bg7 15. Bxg7 Kxg7 16. Qb3 Nb6 17. Be2 Bd7 18. Ne5 Ba4 19. Qe3 Nd5 20. Qd2 Qd6
21. b3 Bc6 22. Rfd1 Rac8 23. Bf3 Ne7 24. Bxc6 bxc6 25. Qa5 Rfd8 26. Nc4 Qb8 27.
Qe5+ Kg8 28. Qf6 Nd5 29. Qf3 Qf4 30. Qxf4 Nxf4 31. Kf1 g5 32. g3 Nd5 33. Na5
Ne7 34. Rc5 Rd5 35. Rdc1 Rcd8 36. Nxc6 Nxc6 37. Rxc6 Rxd4 38. Rc7 a5 39. Rc8
Rd1+ 40. Rxd1 Rxc8 41. Ke2 Kg7 42. Rd4 Rc2+ 43. Rd2 Rc5 44. Kd3 g4 45. Rc2 Rh5
46. Rc4 f5 47. Ra4 Rxh2 48. Ke3 h5 49. Rxa5 Kf6 50. b4 h4 51. gxh4 Rxh4 52. b5
Rh3+ 53. Ke2 Rh2 54. Ra3 f4 55. Ke1 Rh1+ 56. Ke2 Ke5 57. Rb3 f3+ 58. Kd2 g3 59.
b6 gxf2 60. b7 Rd1+ 61. Ke3 f1=Q 62. b8=Q+ Kf6 63. Qf4+ Kg6 64. Qg4+ Kf6 65.
Qf4+ 1/2-1/2

[Event "Top16"]
[Site "Evry"]
[Date "2004.04.03"]
[Round "6"]
[White "Galdunts, Sergey"]
[Black "Vaisser, Anatoly"]
[Result "1/2-1/2"]
[WhiteElo "2506"]
[BlackElo "2573"]
[PlyCount "86"]
[EventDate "2004.04.02"]
[WhiteTeam "Bischwiller"]
[BlackTeam "Nice"]

1. e4 e6 2. d4 d5 3. e5 c5 4. c3 Qb6 5. Nf3 Bd7 6. a3 Bb5 7. c4 dxc4 8. Nc3
cxd4 9. Nxb5 Qxb5 10. Qxd4 Nc6 11. Qf4 g5 12. Qe4 Qa5+ 13. Bd2 Bb4 14. Bxb4
Nxb4 15. O-O-O Nc6 16. Bxc4 Nge7 17. Nxg5 Qxe5 18. Qxe5 Nxe5 19. Bb5+ Kf8 20.
Rhe1 N5g6 21. Kb1 Nd5 22. g3 Kg7 23. Bc4 Nb6 24. Bb3 Rhd8 25. f4 Rxd1+ 26. Rxd1
Ne7 27. g4 Nc6 28. f5 h6 29. Ne4 exf5 30. gxf5 Rd8 31. f6+ Kg6 32. Nd6 Ne5 33.
Rg1+ Kxf6 34. Nxf7 Nxf7 35. Rf1+ Kg5 36. Rxf7 Rd7 37. Rf2 Nd5 38. Bxd5 Rxd5 39.
Rf7 Rb5 40. Kc2 a5 41. Rc7 Kg4 42. Kc3 Kh3 43. b4 axb4+ 1/2-1/2

[Event "Top16"]
[Site "Evry"]
[Date "2004.04.03"]
[Round "6"]
[White "Sharif, Mershad"]
[Black "Pinter, Joszef"]
[Result "1/2-1/2"]
[WhiteElo "2462"]
[BlackElo "2501"]
[PlyCount "93"]
[EventDate "2004.04.02"]
[WhiteTeam "Nice"]
[BlackTeam "Bischwiller"]

1. Nf3 Nf6 2. g3 d5 3. Bg2 c6 4. O-O Bg4 5. c4 e6 6. d3 Nbd7 7. cxd5 cxd5 8.
Nc3 Be7 9. h3 Bxf3 10. Bxf3 O-O 11. e4 Ne5 12. Bg2 dxe4 13. dxe4 Bc5 14. Bf4
Ng6 15. e5 Nd7 16. Ne4 Be7 17. Qh5 Nxf4 18. gxf4 Qb6 19. Rad1 Rad8 20. Rd3 f5
21. Rfd1 g6 22. Qe2 Nc5 23. Rxd8 Rxd8 24. Rxd8+ Qxd8 25. Nxc5 Bxc5 26. Bxb7 Qd4
27. Qc2 Kg7 28. Bc8 Bb6 29. Bxe6 Qxf4 30. Kg2 Qxe5 31. Bc4 Qf4 32. Qe2 Kh6 33.
b3 Qg5+ 34. Kh2 Qf4+ 35. Kg2 Bc5 36. Qf3 Qd2 37. Qe2 Qd4 38. Qf3 Kg5 39. Qg3+
Kf6 40. Qf3 h5 41. Qc6+ Kg5 42. Qf3 Kh6 43. Qe2 Qf4 44. Qf3 Qg5+ 45. Qg3 Qd2
46. Bf7 Qg5 47. Qxg5+ 1/2-1/2

[Event "Top16"]
[Site "Evry"]
[Date "2004.04.03"]
[Round "6"]
[White "Doettling, Fabian"]
[Black "Jussupow, Arthur"]
[Result "0-1"]
[WhiteElo "2532"]
[BlackElo "2589"]
[PlyCount "148"]
[EventDate "2004.04.02"]
[WhiteTeam "Strasbourg"]
[BlackTeam "Evry"]

1. d4 Nf6 2. c4 e6 3. Nf3 d5 4. Nc3 c5 5. cxd5 Nxd5 6. e4 Nxc3 7. bxc3 cxd4 8.
cxd4 Bb4+ 9. Bd2 Bxd2+ 10. Qxd2 O-O 11. Bc4 Nc6 12. O-O b6 13. Rad1 Na5 14. Bd3
Bb7 15. Rfe1 Qe7 16. d5 exd5 17. e5 Nc4 18. Qf4 Nb2 19. Rd2 Nxd3 20. Rxd3 Rac8
21. Nd4 Rc4 22. Rg3 Bc8 23. Qe3 Re8 24. f4 f6 25. Qf2 fxe5 26. fxe5 Qxe5 27.
Nf3 Qh5 28. Rg5 Qf7 29. Rxd5 Bb7 30. Rd3 h6 31. Rxe8+ Qxe8 32. Qd2 Rc8 33. h3
Qe7 34. Kh1 Qf6 35. Re3 Rf8 36. Qe2 Bd5 37. Kh2 Qf4+ 38. Kg1 Rc8 39. Qd2 Qc4
40. a3 Qc1+ 41. Qxc1 Rxc1+ 42. Kf2 Rc2+ 43. Kg3 Bxf3 44. Kxf3 Rc4 45. Ke2 Kf7
46. Kd3 b5 47. Kd2 a6 48. Rf3+ Ke6 49. Re3+ Kf5 50. Re7 Kf6 51. Re3 g6 52. Rd3
Ke5 53. Re3+ Re4 54. Rc3 Rd4+ 55. Ke2 Rc4 56. Rg3 g5 57. Kd2 Kd5 58. Re3 Re4
59. Rc3 Rd4+ 60. Ke2 Rc4 61. Rd3+ Ke5 62. Kf3 h5 63. g3 g4+ 64. hxg4 hxg4+ 65.
Ke2 Re4+ 66. Kf2 Rd4 67. Rb3 Rd2+ 68. Ke1 Ra2 69. Kd1 Ke4 70. Ke1 Kd4 71. Kd1
Kc4 72. Re3 Kd4 73. Rb3 Kc5 74. Rc3+ Kb6 0-1

[Event "Top16"]
[Site "Evry"]
[Date "2004.04.03"]
[Round "6"]
[White "Mensch, Etienne"]
[Black "Bujisho, Benjamin"]
[Result "0-1"]
[WhiteElo "2355"]
[BlackElo "2385"]
[PlyCount "88"]
[EventDate "2004.04.02"]
[WhiteTeam "Bischwiller"]
[BlackTeam "Nice"]

1. c4 d6 2. d4 e5 3. Nf3 e4 4. Ng1 f5 5. Nc3 c6 6. Nh3 Be7 7. Qc2 Nf6 8. Bg5
O-O 9. e3 Na6 10. Nf4 Nc7 11. Be2 Ne6 12. Nxe6 Bxe6 13. h3 Qe8 14. g4 Qg6 15.
Bxf6 Bxf6 16. gxf5 Bxf5 17. O-O-O Rae8 18. Rdg1 Qh6 19. Bg4 Bg6 20. Rd1 Bg5 21.
Kb1 Qh4 22. Rd2 h5 23. Bd1 Rf6 24. Rg1 Ref8 25. Rg2 Bh6 26. f4 exf3 27. Rxg6 f2
28. Rxf6 Rxf6 29. Be2 Qxh3 30. Rd1 f1=Q 31. Bxf1 Rxf1 32. Qe4 Rxd1+ 33. Nxd1
Qg4 34. Qh1 h4 35. a3 h3 36. Ka2 Qg2 37. Qe1 h2 38. Nf2 Qxf2 39. Qxf2 h1=Q 40.
Qf5 b5 41. e4 bxc4 42. e5 dxe5 43. dxe5 Qd5 44. Qc8+ Kh7 0-1

[Event "Top16"]
[Site "Evry"]
[Date "2004.04.03"]
[Round "6"]
[White "Claverie, Christophe"]
[Black "Milliet, Sophie"]
[Result "0-1"]
[WhiteElo "2310"]
[BlackElo "2326"]
[PlyCount "98"]
[EventDate "2004.04.02"]
[WhiteTeam "Nice"]
[BlackTeam "Bischwiller"]

1. d4 d5 2. Nf3 Nf6 3. c4 c6 4. Nc3 a6 5. cxd5 cxd5 6. Bf4 Nc6 7. e3 Bg4 8. h3
Bh5 9. Rc1 e6 10. g4 Bg6 11. Qb3 Bd6 12. Qxb7 Na5 13. Qxa8 Qxa8 14. Bxd6 Nc4
15. Bc5 Nxb2 16. Ne5 Nd7 17. Nxg6 hxg6 18. Bb4 Nc4 19. Ne4 Qb8 20. Nd6+ Kf8 21.
Ba3 Nxd6 22. Bxd6+ Qxd6 23. Rc8+ Ke7 24. Rxh8 Qb4+ 25. Ke2 e5 26. Bg2 Qc4+ 27.
Kf3 exd4 28. Rd1 d3 29. Kg3 Qc2 30. Ra1 Nf6 31. Ra8 Ne4+ 32. Bxe4 dxe4 33. Ra7+
Ke6 34. Rb7 Qe2 35. Rb6+ Ke5 36. Kg2 Qf3+ 37. Kg1 Qxh3 38. Rc1 Qxg4+ 39. Kh2
Qh4+ 40. Kg2 Kf5 41. Rg1 Qg4+ 42. Kh2 Qh5+ 43. Kg2 Qf3+ 44. Kh2 Qxf2+ 45. Kh1
Qxe3 46. Rf1+ Kg4 47. Rb2 d2 48. Rg1+ Kh4 49. Rb3 Qxg1+ 0-1

[Event "Top16"]
[Site "Evry"]
[Date "2004.04.03"]
[Round "6"]
[White "Vallin, Guillaume"]
[Black "Taddei, Benoit"]
[Result "1-0"]
[WhiteElo "2419"]
[BlackElo "2340"]
[PlyCount "27"]
[EventDate "2004.04.02"]
[WhiteTeam "Gonfreville"]
[BlackTeam "Nancy"]

1. d4 Nf6 2. c4 g6 3. Nc3 d5 4. Bf4 Bg7 5. e3 c5 6. dxc5 Qa5 7. Qb3 Na6 8. cxd5
Nxc5 9. Qb5+ Qxb5 10. Bxb5+ Bd7 11. Rd1 Nh5 12. Bxd7+ Kxd7 13. Nge2 Nxf4 14.
exf4 {Suite illisible, gain blanc au 37eme coup} 1-0

[Event "Top16"]
[Site "Evry"]
[Date "2004.04.03"]
[Round "6"]
[White "Agrest, Evgenij"]
[Black "Schenk, Andreas"]
[Result "1/2-1/2"]
[WhiteElo "2616"]
[BlackElo "2499"]
[PlyCount "71"]
[EventDate "2004.04.02"]
[WhiteTeam "Nice"]
[BlackTeam "Bischwiller"]

1. d4 Nf6 2. c4 e6 3. Nc3 Bb4 4. Nf3 c5 5. g3 Bxc3+ 6. bxc3 Qa5 7. Qd3 Ne4 8.
Nd2 Nxd2 9. Bxd2 Nc6 10. Bg2 O-O 11. O-O d6 12. Rfd1 Qc7 13. Be3 Na5 14. dxc5
dxc5 15. Rab1 Rb8 16. Qd6 Qxd6 17. Rxd6 b6 18. Bxc5 Bb7 19. Bb4 Bxg2 20. Kxg2
Nxc4 21. Rd7 Rfd8 22. Rxa7 Rbc8 23. Be7 Rd2 24. Kf1 Rc2 25. Rd1 Nd2+ 26. Kg2 h6
27. Bb4 Ne4 28. Kf1 Nd2+ 29. Kg1 Rd8 30. Kg2 Re8 31. h4 g5 32. c4 Nxc4 33. Rad7
Rxe2 34. Kf3 Rb2 35. a3 gxh4 36. gxh4 1/2-1/2

[Event "Top16"]
[Site "Evry"]
[Date "2004.04.04"]
[Round "7"]
[White "Netzer, Jean"]
[Black "Bergez, Luc"]
[Result "0-1"]
[WhiteElo "2325"]
[BlackElo "2380"]
[PlyCount "76"]
[EventDate "2004.04.02"]
[WhiteTeam "Bischwiller"]
[BlackTeam "Evry"]

1. e4 c5 2. Nf3 Nc6 3. Nc3 e5 4. Bc4 d6 5. d3 Be7 6. O-O Nf6 7. Ng5 O-O 8. f4
Bg4 9. Nf3 exf4 10. Bxf4 Nd4 11. Qd2 Nxf3+ 12. gxf3 Be6 13. Rfe1 Nd7 14. Nd5
Bh4 15. Bxd6 Bxe1 16. Rxe1 Re8 17. Nc7 Bxc4 18. Nxe8 Bxa2 19. Nc7 Rc8 20. Qf4
Nf8 21. b3 a5 22. Qg3 Ng6 23. Kh1 h5 24. Ra1 h4 25. Qg4 Bxb3 26. cxb3 Rxc7 27.
Bxc7 Qxc7 28. Rg1 b6 29. Qg5 Qd6 30. Qf5 Qxd3 31. Qc8+ Kh7 32. Qf5 Qxb3 33. Rg5
a4 34. Qg4 Qd1+ 35. Kg2 a3 36. Rd5 Qe2+ 37. Kg1 a2 38. Qxh4+ Nxh4 0-1

[Event "Top16"]
[Site "Evry"]
[Date "2004.04.04"]
[Round "7"]
[White "Abergel, Thal"]
[Black "Mensch, Etienne"]
[Result "1/2-1/2"]
[WhiteElo "2441"]
[BlackElo "2355"]
[PlyCount "77"]
[EventDate "2004.04.02"]
[WhiteTeam "Evry"]
[BlackTeam "Bischwiller"]

1. d4 Nf6 2. Nf3 d6 3. b3 g6 4. Nbd2 Bg7 5. e4 c5 6. e5 Nd5 7. Nc4 O-O 8. dxc5
dxc5 9. a4 Nc6 10. Bb2 Bg4 11. Be2 Nf4 12. O-O Qxd1 13. Bxd1 Rad8 14. Re1 Nb4
15. Re4 Bh6 16. Ne3 Be6 17. g3 Nfd5 18. Nc4 Bf5 19. Re2 Nb6 20. Ne3 Bxe3 21.
fxe3 Rd7 22. a5 Rfd8 23. Re1 Na8 24. Rc1 Na2 25. Ra1 Nb4 26. Rc1 Nc7 27. Kf2
Na2 28. Ra1 Nb4 29. Rc1 Ne6 30. Ba3 Na2 31. Ra1 Nc3 32. Be2 Bxc2 33. Bc4 Bf5
34. Rac1 Ne4+ 35. Kg1 Nd2 36. Nxd2 Rxd2 37. Bxe6 Bxe6 38. Bxc5 Bh3 39. Bd4
1/2-1/2

[Event "Top16"]
[Site "Evry"]
[Date "2004.04.04"]
[Round "7"]
[White "Mourot, Felix"]
[Black "Vachier-Lagrave, Maxime"]
[Result "1/2-1/2"]
[WhiteElo "2114"]
[BlackElo "2427"]
[PlyCount "131"]
[EventDate "2004.04.02"]
[WhiteTeam "Nancy"]
[BlackTeam "NAO"]

1. e4 c5 2. Nf3 Nc6 3. Bb5 g6 4. Bxc6 dxc6 5. d3 Bg7 6. h3 e5 7. Nc3 Qe7 8. Be3
Nf6 9. Qd2 h6 10. a3 Nd7 11. b4 b6 12. O-O Bb7 13. Na4 cxb4 14. Qxb4 c5 15. Qb3
O-O 16. Nc3 Kh7 17. a4 Bc6 18. Rfb1 f5 19. Qc4 Nf6 20. a5 Rab8 21. axb6 axb6
22. Ra6 Qc7 23. Nb5 Bxb5 24. Rxb5 Ne8 25. Qa4 Nd6 26. Rb3 fxe4 27. dxe4 Rb7 28.
Nd2 Bf6 29. Qa1 Rd8 30. c4 Nc8 31. Qb2 Qc6 32. Rb5 Rbd7 33. Qc2 Qb7 34. Ra1 Rd6
35. Rab1 Qc7 36. Nf3 R8d7 37. Nh2 Na7 38. R5b2 Nc6 39. Ng4 Bg7 40. Qc1 h5 41.
Nh2 Qd8 42. Nf1 Rd1 43. Qc2 Nb4 44. Qe2 Rxb1 45. Rxb1 Qa8 46. Ng3 Kg8 47. Bg5
Rd4 48. Be3 Rd6 49. Rd1 Qc6 50. Rxd6 Qxd6 51. Qd2 Qe6 52. Qc3 Nc6 53. Nf1 Kh7
54. Qd3 Nb4 55. Qc3 Qc6 56. Nd2 Bf6 57. Kf1 Qa8 58. Kg1 Kg7 59. Kh2 Kf7 60. Qb3
Ke7 61. Qd1 Qa2 62. Qb1 Qxb1 63. Nxb1 Kd6 64. Kg1 Kc6 65. Nc3 Nd3 66. Nb5
1/2-1/2

[Event "Top16"]
[Site "Evry"]
[Date "2004.04.04"]
[Round "7"]
[White "Bricard, Emmanuel"]
[Black "Vallin, Guillaume"]
[Result "1-0"]
[WhiteElo "2453"]
[BlackElo "2419"]
[PlyCount "119"]
[EventDate "2004.04.02"]
[WhiteTeam "Mulhouse"]
[BlackTeam "Gonfreville"]

1. g3 g6 2. Bg2 Bg7 3. e4 c6 4. c4 d6 5. Nc3 a6 6. a4 e5 7. Nge2 Be6 8. d3 Ne7
9. Bg5 a5 10. O-O O-O 11. Qd2 Nd7 12. b3 f6 13. Be3 c5 14. f4 Nc6 15. f5 Bf7
16. h4 Nd4 17. Rab1 gxf5 18. exf5 Nb6 19. Ne4 Bh5 20. N2c3 Qe7 21. Bxd4 cxd4
22. Nb5 Rfd8 23. b4 axb4 24. Qxb4 Rxa4 25. Qb3 Ra6 26. Nbxd6 Kh8 27. Nxb7 Qxb7
28. Nc5 Qe7 29. Nxa6 Nd7 30. Qb4 Qxb4 31. Nxb4 Nc5 32. Rfe1 Bh6 33. Be4 Bd2 34.
Nd5 Bxe1 35. Rxe1 Nxe4 36. Rxe4 Bf3 37. Re1 Bxd5 38. cxd5 Rxd5 39. Kf2 Rd6 40.
g4 Kg7 41. Kf3 Ra6 42. Rb1 Ra2 43. Rb7+ Kg8 44. g5 Rh2 45. Ke4 Rxh4+ 46. Kd5
fxg5 47. f6 Rf4 48. Ke6 h5 49. Rb8+ Kh7 50. f7 h4 51. f8=Q Rxf8 52. Rxf8 h3 53.
Rf1 Kg6 54. Kxe5 Kh5 55. Ke4 Kh4 56. Kf3 g4+ 57. Kf2 g3+ 58. Kg1 g2 59. Rf8 Kg3
60. Rh8 1-0

[Event "Top16"]
[Site "Evry"]
[Date "2004.04.04"]
[Round "7"]
[White "Hernandez, Gilberto"]
[Black "Galdunts, Sergey"]
[Result "1-0"]
[WhiteElo "2538"]
[BlackElo "2506"]
[PlyCount "127"]
[EventDate "2004.04.02"]
[WhiteTeam "Evry"]
[BlackTeam "Bischwiller"]

1. e4 e5 2. Nf3 Nc6 3. Bb5 a6 4. Ba4 Nf6 5. O-O Be7 6. Re1 b5 7. Bb3 d6 8. c3
O-O 9. h3 Nb8 10. d4 Nbd7 11. Nbd2 Bb7 12. Bc2 Re8 13. Nf1 Bf8 14. Ng3 g6 15.
a4 c6 16. Bg5 Qc7 17. Qd2 Bg7 18. Kh1 d5 19. Nxe5 Nxe5 20. dxe5 Qxe5 21. exd5
Qxd5 22. Qxd5 Nxd5 23. Ne4 Bf8 24. Bb3 Kg7 25. Bd2 h6 26. c4 bxc4 27. Bxc4 f5
28. Nc3 Bc5 29. Kg1 Nf6 30. Kf1 a5 31. Rad1 Rad8 32. Rxe8 Rxe8 33. Ne2 Ne4 34.
Bxa5 Bc8 35. Be1 g5 36. b4 Bf8 37. f3 Nd6 38. Bd3 Kf7 39. Nd4 Bd7 40. Rc1 Rc8
41. g4 f4 42. Bc2 Bg7 43. Bb3+ Ke7 44. Bf2 Be5 45. a5 Rc7 46. Ba4 Nb5 47. Nf5+
Kf6 48. Nxh6 Nc3 49. Bb3 Bc8 50. Bc4 Nd5 51. Bxd5 cxd5 52. Rxc7 Bxc7 53. Bd4+
Ke6 54. Nf5 Ba6+ 55. Kf2 Bc4 56. Ke1 Bd8 57. Bf2 Bf6 58. Kd2 Kd7 59. h4 gxh4
60. Bxh4 Be5 61. Bf2 Kc6 62. Bd4 Bd6 63. Nxd6 Kxd6 64. g5 1-0

[Event "Top16"]
[Site "Evry"]
[Date "2004.04.04"]
[Round "7"]
[White "Eliet, Nicolas"]
[Black "Riff, Jean-Noel"]
[Result "1-0"]
[WhiteElo "2413"]
[BlackElo "2372"]
[PlyCount "95"]
[EventDate "2004.04.02"]
[WhiteTeam "Gonfreville"]
[BlackTeam "Mulhouse"]

1. d4 d5 2. c4 Nc6 3. Nc3 dxc4 4. Nf3 Nf6 5. e4 Bg4 6. Be3 Bxf3 7. gxf3 e5 8.
d5 Nb8 9. Bxc4 Nbd7 10. f4 Bd6 11. fxe5 Nxe5 12. Be2 Ng6 13. Qd2 Qe7 14. Bb5+
Kf8 15. f3 Nh5 16. O-O-O a6 17. Bf1 Qf6 18. Be2 Ngf4 19. Kb1 b5 20. Rc1 Qe7 21.
Rhg1 h6 22. Bf1 g5 23. Nd1 f6 24. Bd4 Ng6 25. Ne3 Nh4 26. Qf2 Rg8 27. Rc6 Rg6
28. Bh3 Nf4 29. Bf5 Nd3 30. Qf1 Ne5 31. Bxe5 Bxe5 32. Bxg6 Nxg6 33. Ng4 Qb4 34.
Rg2 Re8 35. Rgc2 Nf4 36. Nxe5 Rxe5 37. Rxc7 Nxd5 38. Rc8+ Kg7 39. a3 Qa5 40.
Qd3 Ne7 41. R8c7 Qe1+ 42. Rc1 Qf2 43. Qd8 Kf7 44. Qh8 Qxh2 45. Qh7+ Ke8 46.
Rxe7+ Rxe7 47. Qg6+ Kd7 48. Qf5+ 1-0

[Event "Top16"]
[Site "Evry"]
[Date "2004.04.04"]
[Round "7"]
[White "Roos, Daniel"]
[Black "Sulava, Nenad"]
[Result "0-1"]
[WhiteElo "2411"]
[BlackElo "2477"]
[PlyCount "124"]
[EventDate "2004.04.02"]
[WhiteTeam "Strasbourg"]
[BlackTeam "Nice"]

1. d4 Nf6 2. Nf3 d5 3. c4 dxc4 4. e3 Be6 5. Na3 c5 6. Bd2 Nbd7 7. Nxc4 cxd4 8.
Nxd4 Bd5 9. Qa4 g6 10. Rd1 Bg7 11. Nf3 O-O 12. Be2 Qb8 13. Qb4 Rc8 14. O-O Ng4
15. e4 Bxe4 16. g3 Nc5 17. Ng5 Bf5 18. Ne3 a5 19. Qa3 Nxe3 20. Bxe3 b6 21. g4
Be6 22. Nxe6 fxe6 23. Rfe1 Be5 24. h3 Rf8 25. Bc4 Rf3 26. Rd3 Nxd3 27. Bxe6+
Kh8 28. Qxd3 Rxh3 29. Qe4 Bg7 30. Bf4 Qf8 31. Kg2 Rh4 32. Kg3 Rd8 33. Kxh4 Rd4
34. Qe3 Rxf4 35. Kg3 g5 36. Bf5 Qb8 37. Kg2 Bd4 38. Qh3 Rxf2+ 39. Kh1 Qa8+ 40.
Be4 Qg8 41. Rf1 Rxf1+ 42. Qxf1 Bxb2 43. Qf2 Bf6 44. Qf5 Qf7 45. Bd5 Qf8 46. Kg2
b5 47. Be4 Qf7 48. Bd5 Qg6 49. Qxg6 hxg6 50. Kf3 Kg7 51. Ke4 Bc3 52. Bc6 b4 53.
Kd5 Kf6 54. Ba4 e6+ 55. Ke4 Ke7 56. Bd1 Kd6 57. Bb3 e5 58. Kd3 Kc5 59. a4 bxa3
60. Kxc3 e4 61. Bd1 a2 62. Kb2 Kd4 0-1

[Event "Top16"]
[Site "Evry"]
[Date "2004.04.04"]
[Round "7"]
[White "Bujisho, Benjamin"]
[Black "Roos, Louis"]
[Result "1/2-1/2"]
[WhiteElo "2385"]
[BlackElo "2362"]
[PlyCount "102"]
[EventDate "2004.04.02"]
[WhiteTeam "Nice"]
[BlackTeam "Strasbourg"]

1. e4 d6 2. d4 g6 3. Nc3 Bg7 4. Be3 c6 5. Qd2 b5 6. Bd3 Nd7 7. Nf3 Nb6 8. h3
Nc4 9. Bxc4 bxc4 10. O-O Qa5 11. Rfe1 h6 12. Rab1 g5 13. b4 cxb3 14. cxb3 g4
15. hxg4 Bxg4 16. Nh2 Bd7 17. b4 Qh5 18. b5 Nf6 19. bxc6 Bxc6 20. f3 Qa5 21.
Nf1 Rc8 22. Ng3 Bd7 23. Nge2 h5 24. Rb3 h4 25. d5 Nh5 26. Reb1 Ng3 27. Kf2 Nxe2
28. Nxe2 Qxd2 29. Bxd2 h3 30. Bc3 Bxc3 31. Rxc3 hxg2 32. Rxc8+ Bxc8 33. Kxg2
Kd7 34. Nd4 e6 35. Nc6 exd5 36. exd5 Rh5 37. Nxa7 Rxd5 38. Nxc8 Rd2+ 39. Kg3
Kxc8 40. Rb6 Kc7 41. Ra6 Kb7 42. Ra3 Kb6 43. Kf4 Re2 44. Rb3+ Kc5 45. a3 Re7
46. a4 Ra7 47. Ra3 d5 48. Ke3 Kc4 49. a5 Ra6 50. Ra1 Re6+ 51. Kd2 Ra6 1/2-1/2

[Event "Top16"]
[Site "Evry"]
[Date "2004.04.04"]
[Round "7"]
[White "Koch, Jean-Rene"]
[Black "Midoux, Sebastien"]
[Result "1/2-1/2"]
[WhiteElo "2445"]
[BlackElo "2315"]
[PlyCount "127"]
[EventDate "2004.04.02"]
[WhiteTeam "Mulhouse"]
[BlackTeam "Gonfreville"]

1. e4 c6 2. d3 g6 3. g3 Bg7 4. Bg2 d5 5. Nd2 e5 6. Ngf3 Ne7 7. O-O O-O 8. Re1
Nd7 9. a4 a5 10. b3 Re8 11. Bb2 f6 12. d4 f5 13. exd5 e4 14. d6 Nd5 15. Ne5
Nxe5 16. dxe5 Bxe5 17. Bxe5 Rxe5 18. Nc4 Re8 19. Qd4 Be6 20. Rad1 Qf6 21. f3
Qxd4+ 22. Rxd4 Nb4 23. Na3 exf3 24. Bxf3 Bd5 25. Rxe8+ Rxe8 26. Kf2 Kf7 27. c3
Bxf3 28. cxb4 axb4 29. Rxb4 c5 30. Rb5 Bd5 31. Rxc5 Bxb3 32. a5 Ra8 33. Rc7+
Ke6 34. Nb5 Ba4 35. Re7+ Kd5 36. Rxb7 Bxb5 37. Rxb5+ Kxd6 38. Kf3 Kc6 39. Re5
Kd6 40. Rb5 Kc6 41. Re5 Kd6 42. Kf4 Ra7 43. h4 Rb7 44. Re3 Rb4+ 45. Kg5 Ra4 46.
Kh6 f4 47. gxf4 Rxf4 48. Rh3 Rf7 49. a6 Ra7 50. Rf3 Ke5 51. Ra3 Kf5 52. Ra4 Ke6
53. Kg5 Kf7 54. Kh6 Ke6 55. Rg4 Kf5 56. Rg5+ Kf4 57. Ra5 Kg4 58. Ra4+ Kf5 59.
Rb4 Rxa6 60. Kxh7 Ra7+ 61. Kh6 Ra6 62. Rb5+ Kg4 63. Rb4+ Kf5 64. Rb5+ 1/2-1/2

[Event "Top16"]
[Site "Evry"]
[Date "2004.04.04"]
[Round "7"]
[White "Nicoara, Malina"]
[Black "Fruteau, Sabine"]
[Result "1-0"]
[WhiteElo "2252"]
[BlackElo "2120"]
[PlyCount "117"]
[EventDate "2004.04.02"]
[WhiteTeam "Nice"]
[BlackTeam "Strasbourg"]

1. d4 e6 2. c4 d5 3. Nc3 Nf6 4. cxd5 exd5 5. Bg5 Be7 6. e3 c6 7. Bd3 Nbd7 8.
Qc2 O-O 9. Nge2 Re8 10. h3 Nf8 11. g4 Ne4 12. Bxe7 Qxe7 13. Bxe4 dxe4 14. Ng3
Be6 15. Ncxe4 Bd5 16. f3 Ne6 17. Nf5 Qb4+ 18. Qd2 Qxd2+ 19. Nxd2 g6 20. Nd6
Nxd4 21. Nxe8 Rxe8 22. Kf2 Nc2 23. Rac1 Nb4 24. Rc3 Nxa2 25. Ra3 a6 26. e4 Be6
27. f4 f6 28. Rd3 Nb4 29. Rd6 Kg7 30. Nf3 c5 31. Rhd1 Nc6 32. Rc1 c4 33. Nd4
Nxd4 34. Rxd4 b5 35. Ra1 Bc8 36. Ke3 Kf7 37. h4 Bxg4 38. Rxa6 Re7 39. Rb6 Bd7
40. Rdd6 f5 41. e5 Be8 42. Kd4 Ra7 43. Kc5 Rc7+ 44. Kd5 Ra7 45. e6+ Ke7 46. Ke5
Rc7 47. Rd5 h5 48. Rdd6 Rc5+ 49. Kd4 Rc7 50. Kc3 Ra7 51. Ra6 Rb7 52. Rdb6 Rc7
53. Kd4 Rc8 54. Ra7+ Kf6 55. Rh7 Rc6 56. Rxc6 Bxc6 57. Kc5 Be8 58. Kd6 b4 59.
Rc7 1-0

[Event "Top16"]
[Site "Evry"]
[Date "2004.04.04"]
[Round "7"]
[White "Adrian, Claude"]
[Black "Fressinet, Laurent"]
[Result "0-1"]
[WhiteElo "2318"]
[BlackElo "2636"]
[PlyCount "112"]
[EventDate "2004.04.02"]
[WhiteTeam "Nancy"]
[BlackTeam "NAO"]

1. Nf3 d5 2. d4 Nf6 3. c4 dxc4 4. Qa4+ c6 5. Qxc4 Bg4 6. Ne5 Bh5 7. g3 e6 8.
Bg2 Nbd7 9. Nxd7 Nxd7 10. Nc3 Be7 11. O-O O-O 12. Rd1 Rc8 13. Bf4 Re8 14. Rac1
Bf8 15. Ne4 Nb6 16. Qc2 Nd5 17. a3 Nxf4 18. gxf4 Qh4 19. Qd2 Rcd8 20. Rc3 Bg6
21. Nc5 Qe7 22. b4 Rd6 23. e3 Red8 24. Qb2 f6 25. Ne4 R6d7 26. Nc5 Rc7 27. Qb3
Bf7 28. Qc2 Rcc8 29. Nd3 Ra8 30. Qb2 g6 31. Rdc1 a6 32. Nc5 Bg7 33. Nxb7 Qxb7
34. Bxc6 Qb8 35. Bxa8 Qxa8 36. Rc7 e5 37. fxe5 fxe5 38. Qc2 Qf3 39. Rc8 Rf8 40.
Rxf8+ Bxf8 41. Qd1 Qe4 42. Rc3 Qh4 43. d5 e4 44. d6 Be6 45. d7 Qg5+ 46. Kh1 Bh3
47. Qg1 Qf5 48. Qd1 Qxf2 49. Qd5+ Kg7 50. Qe5+ Kh6 51. Qf4+ Qxf4 52. exf4 Bxd7
53. Kg2 Bg7 54. Rc7 Bg4 55. Rc6 e3 56. Rxa6 e2 0-1

[Event "Top16"]
[Site "Evry"]
[Date "2004.04.04"]
[Round "7"]
[White "Gervais, Claire"]
[Black "Muller, Anne"]
[Result "1/2-1/2"]
[WhiteElo "2148"]
[BlackElo "2227"]
[PlyCount "98"]
[EventDate "2004.04.02"]
[WhiteTeam "Gonfreville"]
[BlackTeam "Mulhouse"]

1. d4 Nf6 2. c4 e6 3. Nc3 Bb4 4. e3 O-O 5. Nge2 d5 6. a3 Be7 7. cxd5 exd5 8.
Ng3 c6 9. Bd3 Re8 10. O-O Nbd7 11. b4 a6 12. Bd2 Bd6 13. Nf5 Bc7 14. Re1 Nf8
15. Qf3 Ng6 16. g3 Be6 17. Rac1 Bxf5 18. Bxf5 Ne7 19. Bh3 Nc8 20. e4 dxe4 21.
Nxe4 Nxe4 22. Rxe4 Rxe4 23. Qxe4 Nb6 24. Re1 Bd6 25. Qg4 Qf6 26. Bg5 Qg6 27.
Qf5 Qxf5 28. Bxf5 Nd5 29. Bd2 h6 30. Rb1 Rd8 31. Be4 Nf6 32. Bf3 Bc7 33. Be3
Bb6 34. a4 Nd5 35. Rb3 Nc7 36. Rd3 Nd5 37. Rb3 Nc7 38. Rd3 Kf8 39. Kf1 Nd5 40.
Rb3 Nc7 41. Rd3 Ke7 42. d5 Bxe3 43. Rxe3+ Kd6 44. dxc6 bxc6 45. Rd3+ Nd5 46. b5
axb5 47. axb5 Kc5 48. bxc6 Kxc6 49. Rc3+ Kb6 1/2-1/2